|
|
|
|
| LEADER |
00000naa2a2200000 4500 |
| 001 |
634017 |
| 005 |
20231227121014.0 |
| 035 |
|
|
|a (RuTPU)RU\TPU\conf\35767
|
| 035 |
|
|
|a RU\TPU\conf\35766
|
| 090 |
|
|
|a 634017
|
| 100 |
|
|
|a 20211221d2021 k y0rusy50 ca
|
| 101 |
0 |
|
|a rus
|
| 102 |
|
|
|a RU
|
| 105 |
|
|
|a y z 101zy
|
| 135 |
|
|
|a drcn ---uucaa
|
| 181 |
|
0 |
|a i
|
| 182 |
|
0 |
|a b
|
| 200 |
1 |
|
|a Компаративный анализ грамматической структуры терминов и терминологических сочетаний в английском и русском языках в сфере ядерной физики
|f Н. Н. Зяблова, А. С. Котляревская, А. В. Григорьева
|
| 203 |
|
|
|a Текст
|c электронный
|
| 225 |
1 |
|
|a Актуальные векторы исследований и подходы в современной лингвистике
|
| 300 |
|
|
|a Заглавие с экрана
|
| 320 |
|
|
|a [Библиогр.: с. 36-37 (7 назв.)]
|
| 330 |
|
|
|a В настоящей статье проводится компаративный анализ грамматической структуры терминов и терминологических сочетаний сферы ядерной физики в английском и русском языке. Выявляются тенденции в наименовании специальных предметов, явлений и технологий сферы ядерной физики в английском и русском языках.
|
| 463 |
|
0 |
|0 (RuTPU)RU\TPU\conf\35746
|t Язык. Общество. Образование
|o сборник научных трудов II Международной научно-практической конференции "Лингвистические и культурологические аспекты современного инженерного образования", Томск, 10-12 ноября 2021 г.
|f Национальный исследовательский Томский политехнический университет (ТПУ); гл. ред. Ю. В. Кобенко
|v [С. 32-37]
|d 2021
|
| 610 |
1 |
|
|a электронный ресурс
|
| 610 |
1 |
|
|a труды учёных ТПУ
|
| 610 |
1 |
|
|a термины
|
| 610 |
1 |
|
|a терминология
|
| 610 |
1 |
|
|a английский язык
|
| 610 |
1 |
|
|a русский язык
|
| 610 |
1 |
|
|a ядерная физика
|
| 700 |
|
1 |
|a Зяблова
|b Н. Н.
|c лингвист
|c доцент Томского политехнического университета, кандидат филологических наук
|f 1976-
|g Наталия Николаевна
|3 (RuTPU)RU\TPU\pers\32081
|9 16120
|
| 701 |
|
1 |
|a Котляревская
|b А. С.
|
| 701 |
|
1 |
|a Григорьева
|b А. В.
|
| 712 |
0 |
2 |
|a Национальный исследовательский Томский политехнический университет
|b Школа базовой инженерной подготовки
|b Отделение иностранных языков
|3 (RuTPU)RU\TPU\col\23510
|
| 801 |
|
2 |
|a RU
|b 63413507
|c 20211224
|g RCR
|
| 856 |
4 |
|
|u http://earchive.tpu.ru/handle/11683/69249
|
| 942 |
|
|
|c BK
|